Zamestnávateľ a dohody o prácach vykonávaných mimo pracovného pomeru

Pracovno-právne aspekty dohôd vykonávaných mimo pracovného pomeru. Dohoda o vykonaní práce a dohoda o vykonaní pracovnej činnosti. Dohody o prácach vykonávaných mimo pracovného pomeru a účasť na nemocenskom poistení.

Salvato in:
Dettagli Bibliografici
Autore principale: Matlák, Ján
Natura: Capitolo di libro
Lingua:slovacco
Soggetti:
Tags: Aggiungi Tag
Nessun Tag, puoi essere il primo ad aggiungerne!!

MARC

LEADER 00000naa a2200000 4500
001 r026160
005 20230424120958.4
041 0 |a slo 
044 |a SK 
245 1 0 |a Zamestnávateľ a dohody o prácach vykonávaných mimo pracovného pomeru  |c Ján Matlák 
520 |a Pracovno-právne aspekty dohôd vykonávaných mimo pracovného pomeru. Dohoda o vykonaní práce a dohoda o vykonaní pracovnej činnosti. Dohody o prácach vykonávaných mimo pracovného pomeru a účasť na nemocenskom poistení. 
610 2 0 |a právo pracovné 
610 2 0 |a dohody o prácach mimo pracovného pomeru 
610 2 0 |a poistenie nemocenské 
610 2 0 |a dohody o činnosti pracovnej 
100 1 |a Matlák, Ján